书目信息 |
| 题名: |
野蛮大陆
|
|
| 作者: | 基思·罗威 著 ;黎英亮 译 | |
| 分册: | ||
| 出版信息: | 北京 社会科学文献出版社 2015.07 |
|
| 页数: | 527页 | |
| 开本: | 22cm | |
| 丛书名: | ||
| 单 册: | ||
| 中图分类: | K505 | |
| 科图分类: | ||
| 主题词: | 欧洲--历史 | |
| 电子资源: | ||
| ISBN: | 978-7-5097-7277-5 | |
| 000 | 01289nam0 2200253 45 | |
| 001 | 2238474443 | |
| 005 | 20220520104522.72 | |
| 010 | @a978-7-5097-7277-5@b精装@dRMB 72.00 | |
| 100 | @a20220520d2015 km y0chiy0120 ea | |
| 101 | 0 | @achi |
| 102 | @aCN@b110000 | |
| 200 | 1 | @a野蛮大陆@Aye man da lu@e第二次世界大战后的欧洲@f(英) 基思·罗威 ( Keith Lowe)著;黎英亮译@F(ying)ji si·luo wei(Keith Lowe)zhu;li ying liang yi |
| 210 | @a北京@c社会科学文献出版社@d2015.07 | |
| 215 | @a527页@d22cm | |
| 300 | @a本书适合对欧洲二战后历史感兴趣的读者参考阅读。 | |
| 330 | @a第二次世界大战给欧洲留下一片混乱。 地形地貌被彻底改变, 许多城市被夷为平地, 数千万人惨遭屠戮。 在欧洲大陆绝大多数地方, 我们今天习以为常的机构 — — 比如警察、传媒、交通、地方政府和全国政府 — — 要么付之阙如, 要么破败不堪。 罪恶横行, 经济崩溃, 欧洲人挣扎在饥饿边缘。 在这部研究战后初年历史的开创性著作中, 基思·罗威描绘了一片仍然被暴力缠绕的大陆。 | |
| 510 | @aSavage continent : Europe in the aftermath of World War II | |
| 517 | @a第二次世界大战后的欧洲@Adi er ci shi jie da zhan hou de ou zhou | |
| 606 | 0 | @a欧洲@x历史 |
| 690 | @aK505@v4 | |
| 701 | 0 | @a基思·罗威@Aji si·luo wei@bKeithLowe@4著 |
| 702 | 0 | @a黎英亮@Ali ying liang@4译 |
| 801 | 0 | @aCN@b河南城建学院图书馆@c20220520 |
| 905 | @a10447@dK505@eJ044 | |
| 野蛮大陆:第二次世界大战后的欧洲/(英) 基思·罗威 ( Keith Lowe)著;黎英亮译.-北京:社会科学文献出版社,2015.07 |
| 527页;22cm |
| 本书适合对欧洲二战后历史感兴趣的读者参考阅读。.-←并列题名:Savage continent : Europe in the aftermath of World War II |
| ISBN 978-7-5097-7277-5(精装):RMB 72.00 |
| 第二次世界大战给欧洲留下一片混乱。 地形地貌被彻底改变, 许多城市被夷为平地, 数千万人惨遭屠戮。 在欧洲大陆绝大多数地方, 我们今天习以为常的机构 — — 比如警察、传媒、交通、地方政府和全国政府 — — 要么付之阙如, 要么破败不堪。 罪恶横行, 经济崩溃, 欧洲人挣扎在饥饿边缘。 在这部研究战后初年历史的开创性著作中, 基思·罗威描绘了一片仍然被暴力缠绕的大陆。 |
| ● |
| 相关链接 |
|
|
|
正题名:野蛮大陆
索取号:K505/J044
 
预约/预借
| 序号 | 登录号 | 条形码 | 馆藏地/架位号 | 状态 | 备注 |
| 1 | 1507555 | 215075558 | 生命科学与工程学院资料室/ [索取号:K505/J044] | 在馆 |